Countries with Tigers - Statistics

General Stats
  • This quiz has been taken 39 times
  • The average score is 11 of 13
Answer Stats
Country % Correct
China
97%
Bangladesh
93%
India
93%
Russia
90%
Nepal
86%
Indonesia
83%
Laos
83%
Malaysia
83%
Thailand
83%
Vietnam
83%
Bhutan
79%
Cambodia
79%
Myanmar
76%
No matching quizzes found
Score Distribution
Percent of People with Each Score
Percentile by Number Answered
Your Score History
You have not taken this quiz